CIO a podpora byznysu s případovými studiemi CIO v ČR a SR

Gespeichert in:
Bibliographische Detailangaben
1. Verfasser: Dohnal, Jan
Weitere Verfasser: Přiklenk, Oldřich
Format: Buch
Sprache:Tschechisch
Veröffentlicht: Praha GRADA Publishing 2011
Schriftenreihe:Management v informační společnosti
Schlagworte:
Tags: Tag hinzufügen
Keine Tags, Fügen Sie das erste Tag hinzu!

MARC

LEADER 00000nam a2200000 4500
001 0160464
005 20240313085634.2
020 |a 978-80-247-4050-8 
041 0 |a cze 
044 |a CZ 
245 1 0 |a CIO a podpora byznysu  |b s případovými studiemi CIO v ČR a SR  |c Jan Dohnal, Oldřich Příklenk 
264 1 |a Praha  |b GRADA Publishing  |c 2011 
300 |a 174 s. 
490 1 |a Management v informační společnosti 
830 0 |a Management v informační společnosti 
610 2 0 |a podnik 
610 2 0 |a informatika 
610 2 0 |a technológie informačné 
610 2 0 |a technológie komunikačné 
610 2 0 |a riadenie podnikové 
610 2 0 |a riadenie 
610 2 0 |a stratégia informačná 
610 2 0 |a podnikanie 
610 2 0 |a informatika manažérska 
610 2 0 |a štúdie prípadové 
610 2 0 |a stratégia podnikateľská 
100 1 |a Dohnal, Jan 
700 1 |a Přiklenk, Oldřich